Gaming Quiz

Random Gaming Quiz

Sonic and Sega All Stars Racing Characters Quiz Stats

 Plays Quiz not verified by Sporcle

Challenge
Share
Tweet
Embed
Score 0/24 Timer 03:00
0 Plays Today
Character % Correct
Sonic
99%
Tails
94.3%
Amy
93.3%
Knuckles
88.1%
Shadow
86.8%
Dr. Eggman
84.4%
Aiai
74.2%
Big
72.7%
Beat
72.2%
Amigo
71%
Ulala
70.5%
Billy Hatcher
62.8%
Character % Correct
Ryo
59.8%
Alex Kidd
58.6%
B.D. Joe
58.3%
Opa-Opa
56.1%
Metal Sonic
53.6%
Chuchus
53.1%
Mii
48.9%
Bonanza Bros.
45.9%
Zobio and Zobiko
44.2%
Avatar
42%
Jacky Bryant and Akira Yuki
38.7%
Banjo and Kazooie
37%

You're not logged in!

Compare scores with friends on all Sporcle quizzes.
Join for Free
OR
Log In

You Might Also Like...

Show Comments

Extras

Top Quizzes Today


Score Distribution

Your Account Isn't Verified!

In order to create a playlist on Sporcle, you need to verify the email address you used during registration. Go to your Sporcle Settings to finish the process.

Report this User

Report this user for behavior that violates our Community Guidelines.

Details: